Responses for show #5416 - Monday, March 10, 2008

Contestants

Mandy Loy, a freelance editor and graphic designer from Richmond, Virginia

Chris Flood, a Ph.D. student in French studies originally from Van Nuys, California

Jeff Harmon, a public defender from Dunlap, Tennessee (whose 1-day cash winnings total $25,500)

Jeopardy! Round responses

(Alex: I hope you watch a certain television show...)
THE WORLD OF MR. BURNS
RELIGIOUS RHYME TIME
PASS THE CHOCOLATE
KIDDY LIT
THE CAT
THE CANARY ISLANDS
    $200 1
business

Mandy
    $200 9
the Pope's soaps

Chris
    $200 6
Scarlett O'Hara

Jeff
    $200 14
(Alex: What is the Black Stallion?)

Black Beauty

JeffChris
    $200 21
the claws

Jeff
    $200 26
a volcano

Mandy
    $400 2
Smithers

Jeff
    $400 10
a Mormon foreman

Jeff
    $400 7
cocoa butter

Mandy
    $400 15
Jabberwocky

Chris
    $400 22
a tortoiseshell

Mandy
    $400 27
Columbus

Jeff
    $600 3
social security number

Chris
    $600 11
Quakers' acres

Mandy
    $600 8
blood pressure

Chris
    $600 16
the owl and the pussycat

Mandy
    $600 23
a manx

Mandy
    $600 28
a telescope

Jeff
    $800 4
Three Mile Island

Jeff
    $800 19
(Alex: I thought this one might present difficulties. What is [*]?...)

circa burka

Triple Stumper
    $800 12
salt

Mandy
    $800 17
the Pied Piper of Hamelin

Mandy
    $800 24
a havana

Jeff
    $3,000 29
Franco

Jeff
    $1000 5
(Alex: And, of course, you people are familiar with The Simpsons, and the voice of our friend Harry Shearer.)
[Applause]

Taft

Mandy
    $1000 20
a daikon icon

Mandy
    $1000 13
(Chris: What are riboflavins?)

flavonoids

ChrisMandy
    $1000 18
the borrowers

Chris
    $1000 25
a Maine coon

Mandy
    $1000 30
wild dogs

Jeff

Scores at the first commercial break (after clue 15):

Jeff Chris Mandy
$1,600 $1,000 $4,000

Scores at the end of the Jeopardy! Round:

Jeff Chris Mandy
$7,600 $2,000 $8,600

Double Jeopardy! Round responses

WORLD WAR I
SECRET IDENTITIES
LET'S PLAY BLACKJACK
WOMEN'S FIRSTS
HOW'S THE WEATHER?
WORD"Z"
(Alex: Notice the "Z" in quotation marks. Each correct response will end with that letter of the alphabet.)
    $400 8
Canada

Mandy
    $400 1
Clark Kent

Chris
    $400 14
hit me

Mandy
    $400 26
Aretha Franklin

Chris
    $400 6
hurricanes

Mandy
    $400 7
a blitz

Jeff
    $800 10
a Zeppelin

Jeff
    $800 2
Bruce Wayne

Chris
    $800 18
a shoe

Chris
    $800 27
Harvard

Chris
    $800 22
California

Mandy
    $800 9
quartz

Jeff
    $1200 11
Turkey

Jeff
    $1200 3
Dick Grayson

Chris
    $1200 19
(Chris: What is doubling down?)

splitting

JeffChris
    $1200 28
the Boston Marathon

Mandy
    $1200 23
showers

Jeff
    $1200 15
chez

Mandy
    $1600 12
the Hindenburg Line

Triple Stumper
    $1600 4
(Chris: [no response])

Diana Prince

Chris
Triple Stumper
    $1600 20
a push

Jeff
    $1,600 29
(Mandy: What it Secretary of Education?)

Secretary of Labor

Mandy
    $1600 24
hail

Triple Stumper
    $1600 16
(Jeff: What is Juarez?)

Veracruz

Jeff
Triple Stumper
    $2000 13
(Alex: And it led to the Revolution in [*].)

Russia

Triple Stumper
    $2000 5
(Alex: Ah, so you spent a lot of time with comic books, but not with television! Who is [*]?)

Don Diego de la Vega

Triple Stumper
    $2000 21
soft

Jeff
    $2000 30
(Mandy: What's the Seminole?)

the Cherokee

ChrisMandy
    $2000 25
fog

Mandy
    $3,000 17
(Mandy: What is Volkz?)

Benz

Mandy

Scores at the end of the Double Jeopardy! Round:

Jeff Chris Mandy
$15,200 $5,600 $8,400

[wagering suggestions for these scores]

Final Jeopardy! Round responses

ACTORS
(Alex: He probably remembered the film Bullitt.)
ChrisWho is James Dean?
$5,000
MandyWho is James Dean?
$8,255
JeffWho is Steve McQueen?
$3,900
Steve McQueen

Final scores:

Jeff Chris Mandy
$19,100 $600 $145
2-day champion: $44,600 2nd place: $2,000 3rd place: $1,000

Game dynamics:

Coryat scores:

Jeff Chris Mandy
$13,000 $5,600 $13,000
18 R
(including 1 DD),
2 W
13 R,
3 W
20 R,
3 W
(including 2 DDs)

Combined Coryat: $31,600

The J! Archive is created by fans, for fans. The Jeopardy! game show and all elements thereof, including but not limited to copyright and trademark thereto, are the property of Jeopardy Productions, Inc. and are protected under law. This website is not affiliated with, sponsored by, or operated by Jeopardy Productions, Inc. Join the discussion at JBoard.tv.